| 000 | 00818nam a2200265 4500 | ||
|---|---|---|---|
| 999 |
_c13485 _d13485 |
||
| 003 | MIRAKIL | ||
| 005 | 20211214000615.0 | ||
| 008 | 190918b tu ||||| |||| 00| 0 tur d | ||
| 020 | _a9789944337380 | ||
| 040 |
_aTR-AnCHP _cTR-AnCHP |
||
| 041 | _atur | ||
| 082 |
_a320.9561 _bÖ92a 2011 |
||
| 100 | 1 | _aÖzalp, Hüseyin | |
| 245 | 1 | 0 |
_aAk asker : _bbir ABD, AKP ve cemaat projesi / _cHüseyin Özalp. |
| 246 | _abir ABD, AKP ve cemaat projesi | ||
| 260 |
_aİstanbul: _bTogan yayıncılık, _c2011. |
||
| 300 |
_a655 s.: _c21 sm. |
||
| 490 | 0 |
_aTogan yayınları; _v44. |
|
| 504 | _aKaynakça vardır. | ||
| 650 | 0 |
_aSiyaset ve yönetim _xTürkiye _99 |
|
| 650 | 0 |
_95221 _aOrdu ve siyaset _zTürkiye |
|
| 650 | 0 |
_95876 _aSiyaset ve din _zTürkiye |
|
| 740 | _abir ABD, AKP ve cemaat projesi | ||
| 942 |
_2ddc _cBKS |
||